000 00723nam a2200253Ia 4500
003 OSt
005 20220925221805.0
006 a|||||r|||| 00| 0
007 ta
008 220923b |||||||| |||| 00| 0 eng d
020 _a902308203
037 _cGeneral Book
040 _aRTL
_cRTL
_beng
041 _2eng
_aeng
082 _aV52wM91, L0
100 _aFlori Giuseppe
_9287079
245 0 _aAntonio Gramsci
_b Life of a revolutionary. Tr by Tom Nairn
260 _aLondon
_bNLB UK
_c1970
300 _a304p
_ccm.
500 _aBibliography: P 293-7; Index:P299-304
650 _aEurope History
_914786
942 _hV52wM91, L0
_cGB
_2CC
999 _c575338
_d575338